00896nam a22002897a 4500001000700000003000900007005001700016007000700033008004100040016001000081020001500091040002200106041000800128100004100136240003100177245004400208250001300252260004500265300002900310490004400339830004400383942001200427945002700439952010300466956002200569999001500591347719DO-SdBNP20180125112245.0347719990920s1998 sp | ||| ||spa 7 2BPMSU a8432091065 aBPMSUbspacBPMSU1 aspa1 aStevenson, Robert Louis,d1850-1894.14aThe black arrowlEspañol13aLa flecha negra /cRobert L. Stevenson. a2ª ed.  aBarcelona, España :bPlaneta, c1998. a295 p. :bil. ;c20 cm. 1 aBiblioteca mundial de grandes aventuras pBiblioteca mundial de grandes aventuras 2ddccBK aInventariado, 2018 /LP 00102ddc40708CGaBPMETbBPMETd2015-11-18eFUNDIl0pBPMSU15110352r2015-11-18w2015-11-18yBK aVMATEO6BPMSUb10 c8782d8782